| 000 | 00382nam a2200133Ia 4500 | ||
|---|---|---|---|
| 005 | 20251222142014.0 | ||
| 008 | 251222s9999||||xx |||||||||||||| ||spa|| | ||
| 020 | _a0-940602-01-6 | ||
| 082 | _a338.52/P82 | ||
| 100 | _aPowers, Terry A. | ||
| 245 | 0 | _aEl Cálculo de los Precios de Cuenta en la Evaluación de Proyectos | |
| 264 | _bBanco Interamericano de Desarrollo | ||
| 942 | _cLIB | ||
| 999 |
_c10427 _d10427 |
||